000 01283nam a2200337 c 4500
003 BLK
005 20250801092027.0
008 180409b bul|||||r ||||||| ||bul||
010 _aKNG00131980000
020 _a978-954-655-279-2
_bиздат.: Бард
040 _aBLK
041 _aBUL
_cBUL
072 7 _2bullib
_aН83
_xЧужда художествена литература Н
080 _aАмериканска литература (на САЩ)
_b821.111(73)
_x-31
_z821.111(73)-31
100 1 _aСтийл, Даниел
_eпърви автор
_9363685
700 1 _aЧизмарова, Елена Николова
_eпрев. от англ.
_9141741
139 _aСтийл, Даниел
_bС 76
245 1 0 _aТанцьорката
_bРоман
_cДаниел Стийл; прев. от англ. Елена Чизмарова.
257 _aUSA
260 София
_bБард
_c2012
_fХасково : Полиграфюг
300 _a336 с.
_c20 см
380 _aX
500 _aОриг. загл.: Legacy / Danielle Steel.
659 _aН
852 _aЦб 255702
856 4 _qpdf
_u
856 4 _qpdf
_u
942 _cKNG
_n0
_099
944 _aCR
_c05.07.2012
_k30575
_lМартин Енчев
944 _aED
_c17.12.2013
_k
999 _c126296
_d126296